000 00510 a2200157 4500
020 _a8173195897
020 _a9788173195891
082 0 4 _a539.7548
090 _c218
_d218
100 1 _aSantra, A. B.
245 1 0 _aMesons and quarks /
_cA. B. Santra.
260 _a[S.l.] :
_bAlpha Science International, Ltd,
_c2004.
300 _a360 p. ;
_c25 cm.
942 _aSNS
_cBK
_k539.7 SAN
999 _c28855
_d28855